| 000 | 01266nam a2200337Ia 4500 | ||
|---|---|---|---|
| 001 | ebr10133045 | ||
| 003 | CaPaEBR | ||
| 006 | m u | ||
| 007 | cr cn||||||||| | ||
| 008 | 010828s2000 enk sb 001 0 eng d | ||
| 015 | _aGBA1-10027 | ||
| 016 | 7 |
_z1860645372 _2Uk |
|
| 020 | _z1860645372 | ||
| 040 |
_aCaPaEBR _cCaPaEBR |
||
| 035 | _a(OCoLC)133160470 | ||
| 050 | 1 | 4 |
_aDS87 _b.Z57 2000eb |
| 082 | 0 | 4 |
_a956.9204 _221 |
| 100 | 1 | _aZiser, Eyal. | |
| 245 | 1 | 0 |
_aLebanon _h[electronic resource] : _bthe challenge of independence / _cEyal Zisser. |
| 260 |
_aLondon : _bI.B. Tauris Publishers, _cc2000. |
||
| 300 | _axiii,297p. | ||
| 504 | _aIncludes bibliographical references and index. | ||
| 533 |
_aElectronic reproduction. _bPalo Alto, Calif. : _cebrary, _d2009. _nAvailable via World Wide Web. _nAccess may be limited to ebrary affiliated libraries. |
||
| 650 | 0 | _aPolitical science. | |
| 651 | 0 |
_aLebanon _xHistory _yFrench occupation, 1918-1946. |
|
| 651 | 0 |
_aLebanon _xHistory _y1946- |
|
| 651 | 0 |
_aLebanon _xPolitics and government _y1946- |
|
| 655 | 7 |
_aElectronic books. _2local |
|
| 710 | 2 | _aebrary, Inc. | |
| 856 | 4 | 0 |
_uhttp://site.ebrary.com/lib/rucke/Doc?id=10133045 _zAn electronic book accessible through the World Wide Web; click to view |
| 999 |
_c182917 _d182917 |
||